Методы и системы принятия решений. Прикладные задачи анализа решений в технических системах: сборник научных трудов

Dades bibliogràfiques
Autor corporatiu: Рижский политехнический институт
Altres autors: Борисов А. Н. Аркадий Николаевич (редактор)
Idioma:rus
Publicat: Рига, Изд-во РПИ, 1986
Col·lecció:Сборник научных трудов Вып. 13
Matèries:
Format: Llibre
KOHA link:https://koha.lib.tpu.ru/cgi-bin/koha/opac-detail.pl?biblionumber=279167

MARC

LEADER 00000nam0a2200000 4500
001 279167
005 20231101235202.0
020 |a RU  |b 86-56554 
035 |a (RuTPU)RU\TPU\book\302445 
090 |a 279167 
100 |a 20141217d1986 k y0rusy5003 ca 
101 0 |a rus 
102 |a LV 
105 |a a z 001zy 
200 1 |a Методы и системы принятия решений. Прикладные задачи анализа решений в технических системах  |e сборник научных трудов  |f Рижский политехнический институт ; под ред. А. Н. Борисова 
210 |a Рига  |c Изд-во РПИ  |d 1986 
215 |a 142 с.  |c ил. 
225 1 |a Сборник научных трудов  |v Вып. 13 
320 |a Библиогр. в конце ст. 
606 1 |a Принятие решений  |x Математическая теория  |2 stltpush  |3 (RuTPU)RU\TPU\subj\51692  |9 70260 
610 1 |a методы 
610 1 |a технические системы 
610 1 |a математические исследования 
610 1 |a системы 
610 1 |a прикладные задачи 
610 1 |a решения 
610 1 |a анализ 
675 |a 681.51.01:519  |z rus  |v 3 
702 1 |a Борисов  |b А. Н.  |g Аркадий Николаевич  |4 340 
712 0 2 |a Рижский политехнический институт  |2 stltpush  |3 (RuTPU)RU\TPU\col\7561  |9 24345 
801 0 |a RU  |b RuMRKP  |c 19950704  |g psbo 
801 1 |a RU  |b 63413507  |c 20141217 
801 2 |a RU  |b 63413507  |c 20180129  |g RCR 
942 |c BK